00861nam a2200217Ia 4500003000400000005001700004008004100021040002100062041000800083082002500091100003800116245006900154260003800223300002900261490003100290500007500321505015900396650003400555650003000589650002400619OSt20200806141834.0191128s1973 ck gr 001 0 spa d aCO-JMCRcCO-JMCR0 aspa04a364.18 / bG652d2231 aGomez Velasquez, Gustavo, eautor10aDelitos contra la asistencia familiar /cGustavo Gomez Velasquez aMedellín : bSaleciana, c1973. a327 páginas ; c22 cm.0 aColección Pequeño Foro aIncluye índice del suplemento de legislación, índice alfabetico.0 aAspectos generales -- Aspectos penales sustantivos -- Asistencia moral. Aspectos generales -- Las penas. Aspectos generales critica -- Aspectos procesales24aDelitos contra el patrimonio 24aDelitos contra la persona24aAspectos procesales